| 000 | 01321nam a2200325 c 4500 | ||
|---|---|---|---|
| 003 | BLK | ||
| 005 | 20180421000430.0 | ||
| 008 | 180411b bul|||||r ||||||| ||bul|| | ||
| 010 | _aKNG00196046000 | ||
| 020 |
_a978-619-7046-10-6 _bиздат.: Мирфея |
||
| 040 | _aBLK | ||
| 041 |
_aBUL _cBUL |
||
| 072 | 7 |
_2bullib _aН85 _xДетска художествена литература Н |
|
| 080 |
_aБългарска литература _b821.163.2 _x-93-1 _z821.163.2-93-1 |
||
| 100 | 1 |
_aМиладинова-Терзийска, Милена Бойкова _eпърви автор _9289219 |
|
| 700 | 1 |
_aЛукова, Лилия _eил. _9339173 |
|
| 139 |
_aМиладинова-Терзийска, Милена Бойкова _bМ 55 |
||
| 245 | 1 | 0 |
_aБулка Самодива _cМилена Бойкова Миладинова-Терзийска; ил. Лилия Лукова. |
| 257 | _aBGR | ||
| 260 |
_аСофия _bМирфея _c2016 _fСофия : Ропринт |
||
| 300 |
_a28 с. _bс цв. ил. _c24 см |
||
| 380 | _aDX | ||
| 490 | 1 | _aПриказни поеми за малки и големи | |
| 659 | _aН | ||
| 852 | _aЦб 283123 | ||
| 856 | 4 |
_qpdf _u |
|
| 856 | 4 |
_qpdf _u |
|
| 942 |
_cKNG _n0 |
||
| 944 |
_aCR _c15.11.2016 _kВиолета_Тройчева |
||
| 944 |
_aED _c28.11.2016 _kСимона_Петрова |
||
| 999 |
_c187042 _d187042 |
||